CHP Genel Başkanı Deniz Baykal'ın 2006 Yılı Bütçesi Üzerinde Yaptığı Konuşma (Record no. 6342)

MARC details
000 -BAŞLIK
Sabit Uzunlukta Kontrol Alanı 01444na a2200361 4500
001 - KONTROL NUMARASI
Denetim Alanı 19256
003 - KONTROL NUMARASI IDENTIFIER
Denetim Alanı MIRAKIL
005 - SON İŞLEM TARİHİ VE ZAMANI
Denetim Alanı 20181213155104.0
008 - SABİT-BOY VERİ ELEMANLARI - GENEL BİLGİLER
Sabit Uzunlukta Kontrol Alanı 161212b tu 000 0
035 ## - SİSTEM KONTROL NUMARASI
Sistem Kontrol Numarası 19256
040 ## - KATALOGLAMA KAYNAK
Orijinal Kataloglama Ajansı Milas
Kataloglama Dili tur
Metne Dönüştürmek Ajansı TR-AnCHP
041 ## - DİL KODU
Metin / Ses Parça Veya Ayrı Başlığın Dil Kodu tur
082 ## - DEWEY ONLU SINIFLANDIRMA NUMARASI
Sınıflandırma Numarası CHP 324.2372092
Ürün Numarası B29c 1995
090 ## - SINIFLAMA NUMARASI
Sınıflama Numarası BROŞÜR 16
100 ## - ANA GİRİŞ - KİŞİSEL İSİM
Kişisel Ad Baykal, Deniz
222 ## - ANAHTAR ADI
Anahtar Başlık CHP Genel Başkanı Deniz Baykal'ın konuşmaları
245 ## - BAŞLIK TABLOSU
Başlık CHP Genel Başkanı Deniz Baykal'ın 2006 Yılı Bütçesi Üzerinde Yaptığı Konuşma
Başlığın Kalan 14 Aralık 2005
Sorumluluk Tablosu, Vb Deniz Baykal
246 ## - UNVAN FORM VARYING
Başlık Doğru / Kısa Başlığı CHP Genel Başkanı Deniz Baykal'ın 2006 Bütçe konuşması
260 ## - YAYIN, DAĞITIM, VB
Yayın, Dağıtım, Vb Yeri [Ankara]
Yayıncı, Dağıtıcı, Vs Adı CHP
Yayın, Dağıtım, Vb Tarihi 2005
300 ## - FİZİKSEL TANIM
Kapsam 88 s.
Boyutlar 21 sm.
490 ## - SERİSİ TABLOSU
Seri Beyanı Cumhuriyet Halk Partisi yayınları
500 ## - GENEL NOT
Genel Not 7 kopya.
500 ## - GENEL NOT
Genel Not Dış kapakta adı: Zulme ve yanlışa tanık oluyorsanız, elinizden gelen bütün güçle direneceksiniz. Eğer direnemiyorsanız, gücünüz yetmiyorsa, en azından buğz edeceksiniz.
600 ## - KONU KATMA GİRİŞ - KURUMSAL ADI
Kişisel Ad Baykal, Deniz
Başlıklar Ve Bir Adla İlişkili Diğer Kelimeler CHP Genel Başkanı
Genel Alt Bölümü Konuşmalar, 2005
-- Bütçe, 2006
610 ## - KONU KATMA GİRİŞ - TOPLANTI ADI
Giriş Elemanı Olarak Kurumsal Ad Veya Yargı Alanı Adı CHP
Genel Alt Bölüm Konuşmalar, 2005
-- Bütçe, 2006
Kronolojik Alt Bölüm Baykal dönemi
650 ## - KONU KATMA GİRİŞ - TOPİKAL DÖNEM
Topikal Süreli Veya Coğrafi Ad Giriş Elemanı CHP Genel başkanları
Genel Alt Bölümü Bütçe, 2006
-- Bütçe, 2006
Kronolojik Alt Bölümü Söylev ve demeçler
710 ## - KATMA GİRİŞ - KURUMSAL ADI
Giriş Elemanı Olarak Kurumsal Ad Veya Yargı Alanı Adı CHP
740 ## - KATMA GİRİŞ - KONTROLSUZ İLGİLİ / ANALİTİK BAŞLIK
Kontrol Edilmeyen / İlgili Analitik Başlıktaki CHP Genel Başkanı Deniz Baykal'ın konuşmaları
830 ## - SERİSİ EKLENDİ GİRİŞ - ÜNİFORM ADI
Üniforma Başlık CHP yayınları
942 ## - EKLENDİ GİRİŞ ELEMANLARI (KOHA)
Sınıflandırma Veya Raf Düzeni Kaynak
Koha Öğesi Türü Books
999 ## - SİSTEM KONTROL NUMARALARI (KOHA)
Koha Biblionumber 6342
Koha Biblioitemnumber 6342
657 ## - INDEX SÜRE - İŞLEVİ
-- Deniz Baykalın konuşmaları
Holdings
Kullanım Kısıtlamaları Kalıcı Konum Mevcut Konum Edinme Tarihi Edinim Kaynak Kodlu Konum Eleme Toplam Check-Out'Lar Tam Çağrı Numarası Barkod Tarih Son Görülme Kopya Sayısı İtibaren Geçerli Fiyatlar Koha Öğesi Türü
Kütüphane dışına çıkarılamaz CHP Kütüphanesi CHP Kütüphanesi 12/12/2016 Bağış BROŞÜRLER   BROŞÜR 16 011085 12/12/2016 k.9 12/12/2016 Books